| 000 | 00938cam a22002051 4500 | ||
|---|---|---|---|
| 001 | pa 61000130 | ||
| 003 | DLC | ||
| 005 | 20260227111855.0 | ||
| 008 | 780328s1961 dcu 00000 eng c | ||
| 010 | _apa 61000130 //r853 | ||
| 035 | _aocl73719428 | ||
| 040 |
_aPan American Union. Library _cWMaUCS |
||
| 050 | 0 |
_aF1405.5 1959 _b.O7 OEA/Ser.I/VI.2, CIJ-59 (English) |
|
| 110 | 2 | 0 | _aInter-American Juridical Committee. |
| 245 | 1 | 0 |
_aOpinion on the scope of the powers of the Council of the Organization of American States. _bPrepared in accordance with Resolution of April 21, 1949 of the Council of the Organization of American States and with Resolution III of the first meeting of the Inter-American Council of Jurists. |
| 260 | 0 |
_aWashington, _bPan American Union, _c1961. |
|
| 300 |
_a21 p. _c27 cm. |
||
| 440 | 0 |
_a[OAS official records] ; _vOEA/Ser.I/VI.2, CIJ-59 (English) |
|
| 610 | 2 | 0 |
_aOrganization of American States. _bCouncil. |
| 999 |
_c51483 _d51483 |
||